Shakespeare's Surviving Title Characters Quiz Stats

 Plays Quiz not verified by Sporcle

Challenge
Share
Tweet
Embed
Score 0/8 Timer 01:00
0 Plays Today
% Correct
Henry V
72.5%
Henry IV
70.1%
Henry VIII
67.4%
Henry VI
63.7%
Cymbeline
62.8%
Cressida
60.8%
Pericles
57%
Troilus
52.7%

You're not logged in!

Compare scores with friends on all Sporcle quizzes.
OR
Log In

You Might Also Like...

Show Comments

Extras

Curator's Pick Jul 22, 2014ReportNominate
Tags:Shakespeare Quiz, character, characters

Top Quizzes Today


Score Distribution

Your Account Isn't Verified!

In order to create a playlist on Sporcle, you need to verify the email address you used during registration. Go to your Sporcle Settings to finish the process.

Report this User

Report this user for behavior that violates our Community Guidelines.

Details: